000
00238nam a2200097Ia 4500
005
20251222114352.0
008
251222s1900||||xx |||||||||||||| ||spa||
082
_a
DVD0010/H96/2010/BR/T.2
245
0
_a
Espartaco: sangre y arena:
942
_c
DVD
999
_c
1283
_d
1283